[Event "IX Floripa Chess Open Fort Atacadista"]
[Site "Florianópolis - Santa Catari"]
[Date "2023.01.24"]
[Round "3.3"]
[White "Fier, Alexandr"]
[Black "Dias, Anderson Tatsch"]
[Result "1-0"]
[WhiteElo "2602"]
[BlackElo "2087"]
[PlyCount "91"]
[EventDate "2023.01.23"]
[EventRounds "10"]
[EventCountry "BRA"]

1. e4 c5 2. Nc3 e6 3. f4 a6 4. Nf3 Nc6 5. d4 cxd4 6. Nxd4 d6 7. Be3 Nf6 8. Qf3
Qc7 9. O-O-O Be7 10. Nxc6 Qxc6 11. Be2 O-O 12. Rhf1 Qc7 13. Bd3 Bd7 14. g4 Bc6
15. g5 Nd7 16. Qh3 Rfe8 17. f5 exf5 18. exf5 Ne5 19. f6 Nxd3+ 20. Rxd3 Bf8 21.
fxg7 Bxg7 22. Bd4 Rac8 23. Bxg7 Kxg7 24. Qh6+ Kg8 25. Qxd6 Qxd6 26. Rxd6 Re5
27. h4 Rce8 28. Kd2 Kg7 29. Rf2 R8e6 30. Rxe6 Rxe6 31. Ne2 h6 32. Nd4 Rd6 33.
gxh6+ Kxh6 34. Ke3 Kg6 35. c4 Rd7 36. Nxc6 bxc6 37. Rd2 Re7+ 38. Kf4 Kh5 39.
Rd6 Re2 40. Rxc6 Rxb2 41. Rxa6 Rb4 42. Rc6 Ra4 43. Ke5 Rxa2 44. Rf6 Ra7 45. Rf4
Kg6 46. c5 1-0

[Event "IX Floripa Chess Open Fort Atacadista"]
[Site "Florianópolis - Santa Catari"]
[Date "2023.01.24"]
[Round "3.4"]
[White "Heredia Serrano, Carla"]
[Black "Delgado Ramirez, Neuris"]
[Result "0-1"]
[WhiteElo "2093"]
[BlackElo "2562"]
[PlyCount "68"]
[EventDate "2023.01.23"]
[EventRounds "10"]
[EventCountry "BRA"]

1. e4 c5 2. Nf3 Nc6 3. Bb5 g6 4. Bxc6 bxc6 5. d4 Bg7 6. dxc5 Qa5+ 7. Nbd2 Ba6
8. a3 Qxc5 9. c4 f5 10. O-O Nh6 11. e5 Nf7 12. b4 Qb6 13. Re1 O-O 14. c5 Qd8
15. Qb3 e6 16. h4 h6 17. Nc4 Bxc4 18. Qxc4 a5 19. Bd2 axb4 20. axb4 Rxa1 21.
Rxa1 Nxe5 22. Nxe5 Bxe5 23. Ra7 Bg7 24. Bc3 Rf7 25. Bxg7 Rxg7 26. Qa6 Kh7 27.
Ra8 Qc7 28. Rc8 Qe5 29. Qa8 Rf7 30. Rf8 Qg7 31. Rd8 e5 32. Qc8 e4 33. Re8 Re7
34. Qd8 Qa1+ 0-1

[Event "IX Floripa Chess Open Fort Atacadista"]
[Site "Florianópolis - Santa Catari"]
[Date "2023.01.24"]
[Round "3.5"]
[White "Mekhitarian, Krikor Sevag"]
[Black "Perez, Hernan"]
[Result "1-0"]
[WhiteElo "2551"]
[BlackElo "2081"]
[PlyCount "54"]
[EventDate "2023.01.23"]
[EventRounds "10"]
[EventCountry "BRA"]

1. d4 Nf6 2. c4 c5 3. d5 e6 4. Nc3 exd5 5. cxd5 d6 6. e4 g6 7. Nf3 Bg7 8. Nd2
O-O 9. Be2 a6 10. a4 Re8 11. O-O g5 12. Ra3 Nbd7 13. Qc2 Ne5 14. Nd1 Ng6 15.
Ne3 Qe7 16. f3 Bd7 17. a5 Ne5 18. b3 Ng6 19. Ndc4 Nf4 20. Bd1 Rab8 21. Nb6 h6
22. Nxd7 Nxd7 23. Nf5 Qf6 24. g3 Ng6 25. Ra2 Nde5 26. f4 gxf4 27. gxf4 Nxf4 1-0

[Event "IX Floripa Chess Open Fort Atacadista"]
[Site "Florianópolis - Santa Catari"]
[Date "2023.01.24"]
[Round "3.6"]
[White "Barbosa, Evandro Amorim"]
[Black "Lima, Kleyton Alcantara"]
[Result "1-0"]
[WhiteElo "2482"]
[BlackElo "2080"]
[PlyCount "60"]
[EventDate "2023.01.23"]
[EventRounds "10"]
[EventCountry "BRA"]

1. e4 e5 2. Nf3 Nc6 3. Bc4 Nf6 4. d3 Be7 5. O-O O-O 6. Re1 d6 7. a3 Na5 8. Ba2
c5 9. Nc3 a6 10. h3 Nc6 11. Bd2 Rb8 12. Rb1 Be6 13. Nd5 a5 14. Ng5 Bd7 15. Ne3
Nd4 16. Nc4 a4 17. c3 Ne6 18. Be3 b5 19. Nd2 Nc7 20. d4 Bc6 21. Qc2 Qe8 22.
Ngf3 Nd7 23. Nf1 c4 24. Ng3 Bf6 25. Rbd1 g6 26. Bh6 Bg7 27. Qd2 Rd8 28. d5 Bb7
29. Nf5 Bf6 30. Nxd6 Bg7 1-0

[Event "IX Floripa Chess Open Fort Atacadista"]
[Site "Florianópolis - Santa Catari"]
[Date "2023.01.24"]
[Round "3.7"]
[White "Silva, Caio Henrique Angel"]
[Black "Di Berardino, Diego Rafael"]
[Result "0-1"]
[WhiteElo "2081"]
[BlackElo "2458"]
[PlyCount "62"]
[EventDate "2023.01.23"]
[EventRounds "10"]
[EventCountry "BRA"]

1. Nf3 d5 2. d4 Nf6 3. g3 Bf5 4. Bg2 e6 5. O-O Be7 6. c4 O-O 7. Nc3 c6 8. Qb3
Qb6 9. c5 Qxb3 10. axb3 h6 11. b4 a6 12. h3 Nbd7 13. g4 Bh7 14. Bf4 Ne4 15. Ne5
Nxe5 16. Bxe5 Nd2 17. Rfe1 f6 18. Bg3 Nb3 19. Rad1 Bc2 20. e4 dxe4 21. Nxe4
Bxd1 22. Rxd1 Rfd8 23. Nd6 Bxd6 24. Bxd6 Rxd6 25. cxd6 Rd8 26. Bf1 Rxd6 27. Bc4
Nxd4 28. Bxe6+ Kf8 29. Kg2 Rxe6 30. Rxd4 Ke7 31. Kf3 Rd6 0-1

[Event "IX Floripa Chess Open Fort Atacadista"]
[Site "Florianópolis - Santa Catari"]
[Date "2023.01.24"]
[Round "3.8"]
[White "Lima, Darcy"]
[Black "Medeiros Jr, Francisco De Assis"]
[Result "1/2-1/2"]
[WhiteElo "2439"]
[BlackElo "2071"]
[PlyCount "139"]
[EventDate "2023.01.23"]
[EventRounds "10"]
[EventCountry "BRA"]

1. d4 d5 2. Nf3 e6 3. g3 Nf6 4. Bg2 Be7 5. O-O O-O 6. Nbd2 b6 7. c4 Bb7 8. b3
Nbd7 9. Bb2 Bd6 10. Ne5 Qe7 11. cxd5 exd5 12. Ndc4 Rfe8 13. Nxd6 cxd6 14. Nxd7
Qxd7 15. Rc1 Rac8 16. Qd3 Qe6 17. Rxc8 Rxc8 18. Rc1 h6 19. Rxc8+ Qxc8 20. f3
Ba6 21. Qd2 Qf5 22. Ba3 Qe6 23. Kf2 Ne8 24. h4 Kf8 25. Qe3 Ke7 26. Bh3 Qxe3+
27. Kxe3 Bb5 28. g4 g5 29. Kf2 f6 30. Bc1 Nc7 31. f4 Ne6 32. fxg5 fxg5 33. hxg5
hxg5 34. Bg2 Bc6 35. Bf3 Kf6 36. Ba3 Ke7 37. Bc1 Kf6 38. a4 Nc7 39. Ke3 Bb7 40.
Kd3 Ba6+ 41. Kc3 Bc8 42. Bd2 Bd7 43. Kd3 Be6 44. Ke3 Bf7 45. Kd3 Bg6+ 46. Kc3
Bf7 47. Kb4 Bg6 48. a5 Bc2 49. axb6 axb6 50. Kc3 Bg6 51. Bc1 Nb5+ 52. Kd2 Nc7
53. Kc3 Nb5+ 54. Kd2 Nc7 55. Ba3 Ke6 56. Bb2 Ke7 57. Kd1 Ke6 58. Bc1 Kf6 59.
Be3 Bf7 60. Kd2 Bg6 61. Bf2 Ke6 62. Kc3 Nb5+ 63. Kb4 Nc7 64. Bg1 Bc2 65. Bf2
Bg6 66. Be3 Kf6 67. Bf2 Ke6 68. Be3 Kf6 69. Bd2 Bc2 70. Be3 1/2-1/2

[Event "IX Floripa Chess Open Fort Atacadista"]
[Site "Florianópolis - Santa Catari"]
[Date "2023.01.24"]
[Round "3.9"]
[White "Cantero, Rodolfo"]
[Black "Rodriguez Vila, Andres"]
[Result "0-1"]
[WhiteElo "2070"]
[BlackElo "2435"]
[PlyCount "82"]
[EventDate "2023.01.23"]
[EventRounds "10"]
[EventCountry "BRA"]

1. e4 e6 2. d4 d5 3. Nc3 Bb4 4. exd5 exd5 5. Bd3 Nf6 6. Nge2 O-O 7. O-O c6 8.
a3 Be7 9. Re1 Re8 10. Ng3 Nbd7 11. Nf5 Bf8 12. Bg5 h6 13. Bh4 g6 14. Ne3 Qb6
15. Ne2 Qxb2 16. Bxg6 fxg6 17. Qd3 Rxe3 18. fxe3 Qb5 19. Qxg6+ Bg7 20. Bxf6
Nxf6 21. Ng3 Bd7 22. Rab1 Qa6 23. e4 dxe4 24. Rxe4 Qxa3 25. Re2 Rf8 26. Rbe1
Qc3 27. Re7 Qxd4+ 28. Kh1 Ng4 29. h3 Qf6 30. Qh5 Nf2+ 31. Kg1 Qd6 32. Qh4 Bf6
33. Qc4+ Kh8 34. Rf7 Nxh3+ 35. Kh2 Rxf7 36. Qxf7 Ng5 37. Qh5 Be5 38. Rd1 Bxg3+
39. Kh1 Qe6 40. Rf1 Bd6 41. Qd1 Ne4 0-1

[Event "IX Floripa Chess Open Fort Atacadista"]
[Site "Florianópolis - Santa Catari"]
[Date "2023.01.24"]
[Round "3.11"]
[White "Mazetto, Sergio Luiz"]
[Black "Languidey, Simon Alejandro"]
[Result "0-1"]
[WhiteElo "2065"]
[BlackElo "2403"]
[PlyCount "78"]
[EventDate "2023.01.23"]
[EventRounds "10"]
[EventCountry "BRA"]

1. d4 e6 2. g3 Nf6 3. Bg2 d5 4. Nf3 Be7 5. O-O O-O 6. c4 dxc4 7. Na3 Bxa3 8.
bxa3 Bd7 9. Ne5 Nc6 10. Bg5 h6 11. Bxf6 gxf6 12. Nxc4 Rb8 13. e3 Ne7 14. Rb1 b6
15. Qd2 Kg7 16. Rfc1 a6 17. Nb2 Be8 18. Qc2 c5 19. dxc5 bxc5 20. Nc4 Bc6 21.
Bxc6 Nxc6 22. Rd1 Qc7 23. Qe4 Rfd8 24. Qg4+ Kh7 25. Qe4+ f5 26. Qc2 Rxb1 27.
Rxb1 Ne5 28. Nxe5 Qxe5 29. Rc1 Rd5 30. Qe2 Qd6 31. Qh5 Kg7 32. Rb1 Qc6 33. h4
Rd2 34. Re1 Qe4 35. Rc1 c4 36. Rd1 Rxa2 37. Rd4 Ra1+ 38. Rd1 Rb1 39. Qe2 c3 0-1

[Event "IX Floripa Chess Open Fort Atacadista"]
[Site "Florianópolis - Santa Catari"]
[Date "2023.01.24"]
[Round "3.12"]
[White "Umetsubo, Cesar Hidemitsu"]
[Black "Tomiello, Mateus Costamilan"]
[Result "0-1"]
[WhiteElo "2365"]
[BlackElo "2051"]
[PlyCount "138"]
[EventDate "2023.01.23"]
[EventRounds "10"]
[EventCountry "BRA"]

1. d4 d5 2. Nf3 Nf6 3. Bf4 c5 4. e3 Nc6 5. Nbd2 Bg4 6. h3 Bxf3 7. Nxf3 e6 8. c3
Bd6 9. Qb3 O-O 10. Qxb7 Na5 11. Qxa8 Qxa8 12. Bxd6 Qb7 13. b4 Rd8 14. Bxc5 Ne4
15. Bd3 Nc4 16. O-O f6 17. Rfc1 g5 18. Nh2 Kh8 19. Nf1 f5 20. Ng3 Nf6 21. Re1
h5 22. Re2 h4 23. Nf1 Rg8 24. Bxc4 dxc4 25. Bd6 Kh7 26. Be5 Nd5 27. Rc1 g4 28.
hxg4 fxg4 29. e4 Ne7 30. Re3 Ng6 31. Bf6 Rf8 32. Bg5 Qb5 33. e5 Rf5 34. Bf6 Nf4
35. Re4 Qd5 36. Rxf4 Rxf4 37. Bxh4 Qe4 38. Ng3 Qd3 39. Bg5 Rf7 40. Be3 Kg6 41.
a4 Rb7 42. b5 Rb8 43. Nf1 Kf7 44. Bf4 Rh8 45. Ng3 Ke8 46. a5 Kd7 47. Be3 Rb8
48. b6 axb6 49. axb6 Rxb6 50. Nh5 Rb1 51. Nf6+ Kc6 52. Rxb1 Qxb1+ 53. Kh2 Qf5
54. Kg3 Qd3 55. Kxg4 Qxc3 56. Nh5 Qc2 57. Nf4 Kd7 58. Kf3 Qd1+ 59. Ne2 c3 60.
Bc1 Qd3+ 61. Be3 c2 62. Nc1 Qd1+ 63. Ke4 Kc6 64. f3 Qh1 65. g4 Qh7+ 66. Kf4 Kd5
67. Kg3 Qh1 68. g5 Qe1+ 69. Kf4 Qh4# 0-1

[Event "IX Floripa Chess Open Fort Atacadista"]
[Site "Florianópolis - Santa Catari"]
[Date "2023.01.24"]
[Round "3.13"]
[White "Oliveira, Tiago Batista"]
[Black "Cori T., Deysi"]
[Result "0-1"]
[WhiteElo "2047"]
[BlackElo "2356"]
[PlyCount "62"]
[EventDate "2023.01.23"]
[EventRounds "10"]
[EventCountry "BRA"]

1. d4 e6 2. c4 b6 3. e4 Bb7 4. Bd3 Nf6 5. Nc3 Bb4 6. Qc2 c5 7. d5 b5 8. b3 exd5
9. exd5 Ng4 10. Qe2+ Qe7 11. Qxe7+ Kxe7 12. Bd2 bxc4 13. bxc4 Ne5 14. Be2 Ba6
15. a3 Bxc3 16. Bxc3 f6 17. Bxe5 fxe5 18. Nf3 d6 19. Ng5 Nd7 20. Ne6 Rab8 21.
Nxg7 Rhf8 22. Ne6 Rg8 23. O-O Nf6 24. Nc7 Bc8 25. Rab1 Bf5 26. Rxb8 Rxb8 27.
Nb5 a6 28. Na7 Rb2 29. Nc6+ Kf7 30. Re1 Ra2 31. f3 h5 0-1

[Event "IX Floripa Chess Open Fort Atacadista"]
[Site "Florianópolis - Santa Catari"]
[Date "2023.01.24"]
[Round "3.14"]
[White "Filgueiras, Nathan Felipe"]
[Black "Boff, Lucas Strauss"]
[Result "1-0"]
[WhiteElo "2356"]
[BlackElo "2036"]
[PlyCount "95"]
[EventDate "2023.01.23"]
[EventRounds "10"]
[EventCountry "BRA"]

1. e4 d6 2. d4 Nf6 3. Nc3 g6 4. Nf3 Bg7 5. Be2 O-O 6. O-O Bg4 7. h3 Bxf3 8.
Bxf3 Nc6 9. Be3 e5 10. dxe5 dxe5 11. Ne2 Qxd1 12. Rfxd1 Rfd8 13. c3 Rxd1+ 14.
Rxd1 Rd8 15. Rxd8+ Nxd8 16. Ng3 a6 17. Bd1 Ne6 18. f3 Bf8 19. Kf1 Bc5 20. Bd2
b5 21. Ne2 Bb6 22. Nc1 Nf4 23. g3 Ne6 24. Nd3 Nd7 25. f4 Ndc5 26. Nxc5 Nxc5 27.
Bc2 Nd7 28. Ke2 h5 29. f5 Nf6 30. Kf3 Nh7 31. Bb3 Kg7 32. Bd5 gxf5 33. exf5 Kf6
34. h4 Ke7 35. Bb7 Kd6 36. Bxa6 c6 37. c4 Bd4 38. cxb5 cxb5 39. Bxb5 Bxb2 40.
Bc4 Ke7 41. a4 Nf6 42. Bb4+ Ke8 43. a5 Bd4 44. a6 Ng4 45. Bc3 Ba7 46. Ke4 f6
47. Be2 Nf2+ 48. Kd5 1-0

[Event "IX Floripa Chess Open Fort Atacadista"]
[Site "Florianópolis - Santa Catari"]
[Date "2023.01.24"]
[Round "3.15"]
[White "Souza Dos Santos, Matheus Garcett"]
[Black "Gomes, Luiz Alexandre De S"]
[Result "1-0"]
[WhiteElo "2041"]
[BlackElo "2335"]
[PlyCount "67"]
[EventDate "2023.01.23"]
[EventRounds "10"]
[EventCountry "BRA"]

1. e4 c5 2. Nf3 d6 3. d4 cxd4 4. Nxd4 Nf6 5. Nc3 a6 6. Nb3 e6 7. g4 h6 8. Be3
Qc7 9. Bg2 Nbd7 10. f4 Rb8 11. Qe2 b5 12. Nd4 Bb7 13. a3 Nb6 14. g5 hxg5 15.
fxg5 Nfd7 16. g6 Nf6 17. gxf7+ Kxf7 18. O-O-O Nc4 19. Bd2 Qc5 20. Nf3 Bc8 21.
Ng5+ Kg8 22. Bh3 Qe5 23. Rhg1 Nxd2 24. Qxd2 b4 25. axb4 Rxb4 26. Qd3 Rh5 27.
Qg3 Qxg3 28. Rxg3 Be7 29. Bxe6+ Bxe6 30. Nxe6 Ne8 31. Nd5 Rb7 32. Rf1 Kh7 33.
Rf7 Re5 34. Nxe7 1-0

[Event "IX Floripa Chess Open Fort Atacadista"]
[Site "Florianópolis - Santa Catari"]
[Date "2023.01.24"]
[Round "3.16"]
[White "Almiron, Antonio"]
[Black "Lutz, Igor Oscar"]
[Result "1-0"]
[WhiteElo "2334"]
[BlackElo "2022"]
[PlyCount "111"]
[EventDate "2023.01.23"]
[EventRounds "10"]
[EventCountry "BRA"]

1. e4 c5 2. Nf3 Nc6 3. Bb5 d6 4. O-O Bd7 5. Re1 Nf6 6. c3 a6 7. Ba4 b5 8. Bc2
Bg4 9. d3 e5 10. Nbd2 Be7 11. Nf1 O-O 12. h3 Be6 13. Ng3 Qd7 14. Qe2 Rac8 15.
Bd2 Rfe8 16. Ng5 Bf8 17. Nxe6 fxe6 18. f4 exf4 19. Bxf4 Kh8 20. Rf1 Ne7 21. Bg5
Neg8 22. d4 cxd4 23. cxd4 e5 24. d5 Be7 25. Be3 Rf8 26. a4 h6 27. axb5 axb5 28.
Bd3 Rb8 29. Ra5 b4 30. Bb5 Qc7 31. Ra7 Rb7 32. Ra6 Rxb5 33. Qxb5 Qc2 34. Rf2
Qd1+ 35. Qf1 Qb3 36. Qe2 Rc8 37. Kh2 Rc4 38. Rc6 Rxc6 39. dxc6 Bd8 40. Rf3 Qa4
41. Qc4 Bc7 42. b3 Qa8 43. Nf5 d5 44. exd5 e4+ 45. Rg3 Nh5 46. d6 Nxg3 47. Kxg3
Qa1 48. Qd4 Bxd6+ 49. Nxd6 Qe1+ 50. Kh2 Nf6 51. Qxf6 gxf6 52. c7 Qxe3 53. c8=Q+
Kh7 54. Qd7+ Kg6 55. Qf7+ Kg5 56. Qg7+ 1-0

[Event "IX Floripa Chess Open Fort Atacadista"]
[Site "Florianópolis - Santa Catari"]
[Date "2023.01.24"]
[Round "3.17"]
[White "Flores Quillas, Diego Saul Rodri"]
[Black "De Oliveira, Aquiles Machado"]
[Result "1-0"]
[WhiteElo "2321"]
[BlackElo "2013"]
[PlyCount "127"]
[EventDate "2023.01.23"]
[EventRounds "10"]
[EventCountry "BRA"]

1. e4 c5 2. Nf3 Nc6 3. d4 cxd4 4. Nxd4 g6 5. c4 Nf6 6. Nc3 d6 7. Be2 Nxd4 8.
Qxd4 Bg7 9. Be3 O-O 10. Qd2 Be6 11. Rc1 Qa5 12. f3 Rfc8 13. b3 a6 14. Na4 Qxd2+
15. Kxd2 Nd7 16. Nc3 Rc6 17. Nd5 Kf8 18. Rc2 f5 19. Nf4 Bf7 20. exf5 gxf5 21.
Bd3 e6 22. Re1 Ne5 23. Be2 b5 24. cxb5 Rxc2+ 25. Kxc2 axb5 26. Kb1 b4 27. Rc1
Rb8 28. Rc7 Bf6 29. Ba6 Bd8 30. Rc8 Rxc8 31. Bxc8 Bg5 32. h4 Bxf4 33. Bxf4 Ke7
34. Bg5+ Ke8 35. Kc2 Nc6 36. Kd3 d5 37. Bf6 f4 38. Kd2 h5 39. Bb7 Kd7 40. Bxc6+
Kxc6 41. Be5 Bg6 42. Bxf4 d4 43. Bh6 Bf5 44. Bg7 Kc5 45. Bf8+ Kb5 46. Be7 Bb1
47. Kc1 Bf5 48. Bd6 Bg6 49. g4 Be8 50. Kd2 Bg6 51. Bf8 Bb1 52. gxh5 Bh7 53. h6
Bb1 54. Be7 Bh7 55. Ke2 Bb1 56. Kf2 Bf5 57. h5 Ka5 58. Bf6 d3 59. Bg5 Kb5 60.
Kg3 e5 61. Bd2 Kc5 62. Kh4 e4 63. fxe4 Bxe4 64. Kg5 1-0

[Event "IX Floripa Chess Open Fort Atacadista"]
[Site "Florianópolis - Santa Catari"]
[Date "2023.01.24"]
[Round "3.18"]
[White "Rodrigues, Edgar"]
[Black "De Siqueira, Luigy Lira"]
[Result "1-0"]
[WhiteElo "2299"]
[BlackElo "2011"]
[PlyCount "51"]
[EventDate "2023.01.23"]
[EventRounds "10"]
[EventCountry "BRA"]

1. d4 Nf6 2. Nc3 d5 3. Bg5 e6 4. e4 Be7 5. e5 Nfd7 6. Bxe7 Qxe7 7. Qd2 a6 8. f4
c5 9. Nf3 Nc6 10. dxc5 Nxc5 11. O-O-O O-O 12. h4 h6 13. f5 Ne4 14. f6 Qb4 15.
Nxe4 dxe4 16. c3 Qa5 17. fxg7 Kxg7 18. Qf4 exf3 19. Qf6+ Kg8 20. gxf3 Rd8 21.
Rg1+ Kf8 22. Qxh6+ Ke7 23. Qf6+ Kf8 24. Rxd8+ Qxd8 25. Qh8+ Ke7 26. Rg8 1-0

[Event "IX Floripa Chess Open Fort Atacadista"]
[Site "Florianópolis - Santa Catari"]
[Date "2023.01.24"]
[Round "3.19"]
[White "Sekula, Markley Ribas"]
[Black "Rodi, Luis Ernesto"]
[Result "0-1"]
[WhiteElo "2040"]
[BlackElo "2295"]
[PlyCount "54"]
[EventDate "2023.01.23"]
[EventRounds "10"]
[EventCountry "BRA"]

1. Nf3 d5 2. c4 d4 3. b4 f6 4. Bb2 e5 5. a3 Be6 6. e4 Nh6 7. d3 a5 8. b5 a4 9.
Be2 Nd7 10. O-O Nc5 11. Ne1 g5 12. Bh5+ Nf7 13. Nc2 Qd7 14. Nb4 c6 15. bxc6
bxc6 16. Nd2 Be7 17. Qc2 O-O 18. f3 Nh8 19. Rf2 Ng6 20. g3 Kg7 21. Re1 Rfb8 22.
Rb1 Nb3 23. Nxb3 axb3 24. Qd1 Bxb4 25. axb4 Rxb4 26. Bc1 Qa7 27. Rxb3 Qa4 0-1

[Event "IX Floripa Chess Open Fort Atacadista"]
[Site "Florianópolis - Santa Catari"]
[Date "2023.01.24"]
[Round "3.20"]
[White "Silva, Guilherme Henrique "]
[Black "Coro, Lucas"]
[Result "1/2-1/2"]
[WhiteElo "2034"]
[BlackElo "2272"]
[PlyCount "78"]
[EventDate "2023.01.23"]
[EventRounds "10"]
[EventCountry "BRA"]

1. e4 c5 2. Nf3 Nc6 3. Bb5 g6 4. c3 Nf6 5. e5 Nd5 6. d4 cxd4 7. Qb3 Nc7 8. Bc4
Ne6 9. cxd4 Bg7 10. Be3 Na5 11. Qc3 Nxc4 12. Qxc4 b5 13. Qxb5 a5 14. Qd3 Ba6
15. Qd2 Rc8 16. Nc3 d6 17. O-O-O a4 18. Kb1 a3 19. b3 dxe5 20. dxe5 Qxd2 21.
Bxd2 Nc5 22. Nd5 Bd3+ 23. Ka1 Be4 24. Bc1 Nd3 25. Rxd3 Bxd3 26. Bxa3 Be4 27.
Ne3 Bxf3 28. gxf3 Bxe5+ 29. Bb2 Bxb2+ 30. Kxb2 h5 31. a4 h4 32. b4 Rh5 33. Kb3
h3 34. b5 Kd7 35. Rd1+ Kc7 36. Nd5+ Kb7 37. Nxe7 Rc7 38. Nc6 Rf5 39. Rd3 Rf4
1/2-1/2

[Event "IX Floripa Chess Open Fort Atacadista"]
[Site "Florianópolis - Santa Catari"]
[Date "2023.01.24"]
[Round "3.21"]
[White "Raimundo, Airton Carlos Nunes"]
[Black "Villalba, Marcelo"]
[Result "0-1"]
[WhiteElo "2023"]
[BlackElo "2269"]
[PlyCount "118"]
[EventDate "2023.01.23"]
[EventRounds "10"]
[EventCountry "BRA"]

1. e4 e5 2. Nf3 Nc6 3. Bb5 a6 4. Bxc6 dxc6 5. d4 exd4 6. Qxd4 Qxd4 7. Nxd4 Bd6
8. Be3 Ne7 9. f4 f6 10. Nc3 O-O 11. O-O Re8 12. Rae1 Ng6 13. a3 Bd7 14. h3 Rad8
15. g4 Bc8 16. Kg2 Bxf4 17. Bxf4 Nxf4+ 18. Rxf4 Rxd4 19. Rf2 Be6 20. b3 Bf7 21.
Rfe2 Bg6 22. Kf3 h5 23. Na4 b6 24. Nb2 Kf7 25. Nd3 a5 26. Nf4 hxg4+ 27. hxg4
Bh7 28. c3 Rdd8 29. Rh1 Bg8 30. Re3 g5 31. Ne2 Kg6 32. b4 c5 33. bxc5 bxc5 34.
Ng3 Be6 35. Nf5 Rh8 36. Rxh8 Rxh8 37. Kg2 Rb8 38. Rh3 Rb2+ 39. Kg1 Bxf5 40.
exf5+ Kg7 41. Rd3 Rc2 42. Kf1 Kf8 43. Rd8+ Ke7 44. Ra8 Rxc3 45. Rxa5 Kd6 46.
Kf2 Rb3 47. Ke2 Rg3 48. Ra4 Kd5 49. Kd2 c4 50. Ra5+ Kd4 51. Ra6 Rg2+ 52. Ke1 c3
53. Rxf6 c2 54. Rc6 Kd3 55. f6 Re2+ 56. Kf1 Re6 57. Rxc7 Rxf6+ 58. Ke1 Re6+ 59.
Kf1 Re4 0-1

[Event "IX Floripa Chess Open Fort Atacadista"]
[Site "Florianópolis - Santa Catari"]
[Date "2023.01.24"]
[Round "3.22"]
[White "Tomiello, Lucas Costamilan"]
[Black "Urquiza, Marcello De Albuque"]
[Result "1-0"]
[WhiteElo "2263"]
[BlackElo "2007"]
[PlyCount "83"]
[EventDate "2023.01.23"]
[EventRounds "10"]
[EventCountry "BRA"]

1. e4 c5 2. Nf3 e6 3. d4 cxd4 4. Nxd4 a6 5. c4 Nf6 6. Nc3 d6 7. Be2 b6 8. O-O
Bb7 9. f3 Nbd7 10. Be3 Be7 11. Qd2 O-O 12. a4 Qc7 13. Rfc1 Rfb8 14. Bf1 Bf8 15.
Qf2 Qd8 16. Rd1 Rc8 17. a5 bxa5 18. Nb3 Qc7 19. Nxa5 Bc6 20. b4 Rcb8 21. Rdb1
Ne5 22. Bd4 Ned7 23. Nxc6 Qxc6 24. Ra5 Be7 25. Qa2 Bd8 26. Ra4 Bb6 27. Bxb6
Qxb6+ 28. Kh1 Rb7 29. Ra1 Rc8 30. Rxa6 Qd8 31. Nb5 Nb6 32. Rd1 Rd7 33. Rc1 h5
34. Qa5 Rb8 35. Rd1 h4 36. Ra7 Ne8 37. Rxd7 Qxd7 38. c5 Nc8 39. e5 d5 40. Nd4
Nc7 41. b5 Na8 42. Nc6 1-0

[Event "IX Floripa Chess Open Fort Atacadista"]
[Site "Florianópolis - Santa Catari"]
[Date "2023.01.24"]
[Round "3.23"]
[White "Goncalves, Nata"]
[Black "Cominato Neto, Jose Luis"]
[Result "1-0"]
[WhiteElo "2013"]
[BlackElo "2260"]
[PlyCount "95"]
[EventDate "2023.01.23"]
[EventRounds "10"]
[EventCountry "BRA"]

1. d4 Nf6 2. c4 e6 3. Nf3 Bb4+ 4. Bd2 a5 5. e3 d6 6. Nc3 Nc6 7. a3 Bxc3 8. Bxc3
Ne4 9. Qc2 Nxc3 10. Qxc3 O-O 11. Bd3 a4 12. Rd1 Qf6 13. O-O b6 14. c5 bxc5 15.
Qc2 h6 16. dxc5 Bb7 17. Bb5 Ne7 18. cxd6 cxd6 19. Qe2 Ra5 20. Bd3 Bxf3 21. Qxf3
Qxb2 22. Qe4 g6 23. Qh4 Re8 24. Qxh6 Qxa3 25. Qf4 Qc5 26. Rc1 Qe5 27. Qxe5 dxe5
28. Ra1 a3 29. Rfc1 Rd8 30. Rc3 Rda8 31. Be4 R8a7 32. Kf1 f5 33. Bf3 e4 34. Bd1
Nd5 35. Rc8+ Kf7 36. Bb3 Rb7 37. Bxd5 exd5 38. Rc2 Rb2 39. Re2 Ke6 40. Ke1 Rc5
41. Rd2 Ra5 42. Kd1 Rb4 43. Rda2 Rba4 44. Kc2 Rc4+ 45. Kd2 Rca4 46. Kc2 Rc4+
47. Kd2 Rb5 48. Rc1 1-0

[Event "IX Floripa Chess Open Fort Atacadista"]
[Site "Florianópolis - Santa Catari"]
[Date "2023.01.24"]
[Round "3.24"]
[White "Mesquita, Guilherme"]
[Black "Gattass, Allan"]
[Result "0-1"]
[WhiteElo "2007"]
[BlackElo "2246"]
[PlyCount "52"]
[EventDate "2023.01.23"]
[EventRounds "10"]
[EventCountry "BRA"]

1. e4 c5 2. Nf3 Nc6 3. d4 cxd4 4. Nxd4 Nf6 5. Nc3 e5 6. Ndb5 d6 7. Be3 a6 8.
Na3 b5 9. Nd5 Rb8 10. Qd3 Nxd5 11. Qxd5 Bb7 12. Qd2 Ne7 13. f3 d5 14. exd5 Nxd5
15. Nxb5 axb5 16. Bxb5+ Ke7 17. O-O-O Qc7 18. c4 Ba8 19. Kb1 Rxb5 20. cxb5 Ke6
21. Rc1 Qd7 22. f4 Qxb5 23. fxe5 Bb4 24. Qd4 Qe2 25. Bf2 Rb8 26. Ka1 Bc3 0-1

[Event "IX Floripa Chess Open Fort Atacadista"]
[Site "Florianópolis - Santa Catari"]
[Date "2023.01.24"]
[Round "3.25"]
[White "Terao, Juliana Sayumi"]
[Black "Lima, Vinicius Taishun"]
[Result "1/2-1/2"]
[WhiteElo "2243"]
[BlackElo "1997"]
[PlyCount "93"]
[EventDate "2023.01.23"]
[EventRounds "10"]
[EventCountry "BRA"]

1. e4 c5 2. Nf3 Nc6 3. c3 Nf6 4. e5 Nd5 5. Bc4 Nb6 6. Bb3 c4 7. Bc2 d6 8. exd6
Qxd6 9. O-O Bg4 10. Re1 O-O-O 11. h3 Bh5 12. b3 Qf6 13. Be4 Ne5 14. g4 Nxf3+
15. Qxf3 Qxf3 16. Bxf3 Bg6 17. Na3 e6 18. Nxc4 Nxc4 19. bxc4 Bd3 20. Be2 Bc5
21. a4 Kc7 22. Kg2 Bxe2 23. Rxe2 Rd3 24. Ba3 Bxa3 25. Rxa3 Rhd8 26. Ra2 R8d6
27. Rb2 Rc6 28. Re4 Rcd6 29. g5 h6 30. Rf4 Rd7 31. gxh6 gxh6 32. Rh4 Rxd2 33.
Rxd2 Rxd2 34. Rxh6 Kd7 35. Rh7 Ke7 36. Rh5 a6 37. Rh8 Rb2 38. h4 Rb3 39. Rb8
Kf6 40. c5 Rxc3 41. Rxb7 Rxc5 42. Rb6 Ra5 43. Rb4 Kg6 44. Kg3 Kh5 45. f3 Kg6
46. Rc4 Kh5 47. Rb4 1/2-1/2

[Event "IX Floripa Chess Open Fort Atacadista"]
[Site "Florianópolis - Santa Catari"]
[Date "2023.01.24"]
[Round "3.26"]
[White "Segato, Pedro Henrique Pedr"]
[Black "Viana Da Costa, Fernando"]
[Result "1/2-1/2"]
[WhiteElo "1999"]
[BlackElo "2241"]
[PlyCount "176"]
[EventDate "2023.01.23"]
[EventRounds "10"]
[EventCountry "BRA"]

1. d4 Nf6 2. Bf4 b6 3. e3 Bb7 4. Nd2 e6 5. Ngf3 Be7 6. h3 O-O 7. Be2 c5 8. O-O
cxd4 9. Nxd4 d5 10. c4 Nbd7 11. Bh2 a6 12. cxd5 Nxd5 13. N2f3 b5 14. Rc1 Qb6
15. Ne5 Nxe5 16. Bxe5 Rfd8 17. Bd3 Bf6 18. Bxf6 Nxf6 19. Qe2 Qd6 20. Bb1 Rac8
21. Rcd1 Qc5 22. Nb3 Qg5 23. Rxd8+ Rxd8 24. f3 Nd5 25. Rd1 Rc8 26. Be4 g6 27.
f4 Qe7 28. Bf3 Nb4 29. Bxb7 Qxb7 30. a3 Nd5 31. Qd2 Qb6 32. Nd4 b4 33. axb4 Rc4
34. b3 Rxb4 35. Kh2 a5 36. Qf2 Qc7 37. Qd2 Qc3 38. Qxc3 Nxc3 39. Ra1 Nd5 40.
Rxa5 Nxe3 41. Ra4 Rb7 42. Kg3 Nf5+ 43. Nxf5 Rxb3+ 44. Kf2 gxf5 45. Ra2 Kg7 46.
Ra7 h5 47. Rc7 Kg6 48. Rc8 Kg7 49. Rc7 Rb4 50. Kf3 h4 51. Ra7 Rb8 52. Rc7 Kg6
53. Rc6 Rb3+ 54. Kf2 Rb4 55. Kf3 Re4 56. Rc8 Kh7 57. Rc7 Kg7 58. Ra7 Rb4 59.
Rc7 Rb8 60. Ra7 Re8 61. Rb7 Kg6 62. Rb6 f6 63. Ra6 Re7 64. Rb6 Kg7 65. Rb4 Rc7
66. Ra4 Rc1 67. Kf2 Kg6 68. Ra6 Rc4 69. Kf3 Re4 70. Rb6 Kh5 71. Rb8 e5 72. Rh8+
Kg6 73. Rxh4 Rd4 74. g3 Rd3+ 75. Kf2 Kf7 76. fxe5 fxe5 77. Rh6 Kg7 78. Rb6 e4
79. Ra6 Rd2+ 80. Kf1 Rh2 81. h4 Kf7 82. Rc6 Rd2 83. Ra6 Ke7 84. Rc6 Rd6 85.
Rxd6 Kxd6 86. Kf2 Ke5 87. Ke3 Kf6 88. g4 fxg4 1/2-1/2